Les MVs les plus vues de Nct Dream (avril 2026) - Statistiques

Statistiques générales
  • Ce quiz a été pris 50 fois
    31 depuis la dernière actualisation
  • Le résultat moyen est 25 sur 35
Statistiques - réponses
Date de sortie Nombre de vues MV % Correct
16 décembre 2022 75 M Candy
96%
17 novembre 2025 16 M Beat It Up
92%
25 juillet 2019 177 M Boom
92%
24 aout 2016 81 M Chewing Gum
92%
24 aout 2016 4,8 M Chewing Gum (Chinese Version)
92%
14 juillet 2025 8,1 M Chiller
92%
28 juin 2021 121 M Hello Future
92%
10 mai 2021 192 M Hot Sauce
92%
30 mai 2022 95 M Beatbox
88%
17 juillet 2023 69 M ISTJ
88%
19 juin 2023 29 M Broken Melodies
83%
8 juillet 2025 12 M BTTF
83%
25 mars 2024 25 M Smoothie
83%
28 mars 2022 90 M Glitch Mode
79%
30 aout 2018 93 M We Go Up
79%
6 septembre 2018 2,9 M We Go Up (Chinese Version)
79%
11 novembre 2024 16 M When I'm With You
79%
4 mars 2018 51 M Go
75%
29 avril 2020 88 M Ridin'
75%
8 février 2017 31 M My First And Last
71%
8 février 2017 1 M My First And Last (Chinese Version)
71%
17 aout 2017 28 M We Young
71%
18 aout 2017 836 K We Young (Chinese Version)
71%
23 aout 2024 9,3 M Rains In Heaven
67%
27 décembre 2018 15 M Candle Light
58%
6 juin 2019 39 M Don't Need Your Love (feat Hrvy)
58%
23 décembre 2022 15 M Graduation
54%
5 juin 2024 4 M Moonlight
54%
8 mai 2017 1,5 M Trigger The Fever
54%
8 février 2023 23 M Best Friend Ever
50%
25 aout 2019 3,7 M Fireflies
50%
8 novembre 2024 4,9 M Flying Kiss
50%
16 décembre 2017 5 M Joy
38%
9 octobre 2018 5,6 M Beautiful Time
21%
7 septembre 2017 1 M My Page
21%
Aucun quiz correspondant
Distribution des résultats
% des personnes avec chaque résultat
Percentile par nombre de réponses
Votre historique - résultats
Vous n’avez pas pris ce quiz depuis la dernière actualisation